00729nam a22001697a 4500003000200000005001700002008004100019050002500060100003100085245013900116260007100255300004500326504005700371650004200428650005100470650003800521020250117114325.0250117b xxu||||| |||| 00| 0 eng d aLB 2395.7b.G16 2022 aGallanosa, Jossa Marie F.  aAcademic satisfaction and student engagement of college students in online learning during covid-19 pandemiccJossa Marie F. Gallanosa aLas Pinas CitybSouthville International School and Collegesc2022 axiii, 195 pages:billustrations ;c29cm. aIncludes bibliographical references and appendices.  aHigher Education--Student Engagement. aOnline Learning--Distance Education--COVID-19. aCOVID-19, Impact of --Education.